| 000 | 00637cam a22002171 4500 | ||
|---|---|---|---|
| 001 | sa 65010609 | ||
| 003 | DLC | ||
| 005 | 20260227112209.0 | ||
| 008 | 960920s195u pk 000 0 pusr | ||
| 010 | _asa 65010609 | ||
| 025 | _aPL480:P-Pushto-239 | ||
| 035 | _a(OCoLC)35598614 | ||
| 040 |
_aDLC _cCLU _dCLU _dDLC |
||
| 042 | _apremarc | ||
| 050 | 0 | 0 |
_aPK6820.H37 _bQ5 |
| 100 | 0 | _aḤasan Bāz Ḥasan. | |
| 245 | 1 | 0 |
_aQiṣṣah nạwī da dwawu dostāno, _cauthor Ḥasan Bāz Ḥasan. |
| 260 |
_aPishāwar shahar, _bḤājī Muḥammad, ʻAbd al-khāliq, Faz̤al Mālik _c[195-?] |
||
| 300 |
_a26 p. _c26 cm. |
||
| 500 | _aPoems. | ||
| 999 |
_c66839 _d66839 |
||